Erdei barátaink

Podrobná bibliografia
Hlavný autor: Nagy, Laura (Autor)
Ďalší autori: Bálint, Mariann (Ilustrátor)
Médium: Kniha
Jazyk:maďarčina
Fyzický popis:74 s. fareb. ilustr. 24 cm
Vydavateľské údaje: Dunaszerdahely Lilium Aurum 2011
ISBN:9788080624378
Vydanie:[1. kiad.]
Predmet:

MARC

LEADER 00000cam a2200000 a 4500
001 vtls010336196
003 SK-MaSNL
005 20260301173455.0
008 251201s2011 xo a a 000 p hun
015 |a SNBA2012/06-03557 
020 |a 9788080624378  |q (viaz.) 
035 |a 5A53911E-88F7-49A2-AD5B-ABF562F7D230 
035 |a urn:nbn:sk:snk-amjjmn 
035 |a urn:nbn:sk:snk-am0011ah 
040 |a SNK  |b slo  |c SNK  |e AACR2 
041 0 |a hun 
044 |a xo  |c SK 
072 7 |a 821.511.1  |x Ugrofínske literatúry  |2 konspekt 
072 7 |a 821-93  |x Literatúra pre deti a mládež (beletria)  |2 konspekt 
080 |a 821.511.141-1  |2 2001 
080 |a 821-93  |2 2001 
100 1 |a Nagy, Laura  |4 aut  |9 544430 
245 1 0 |a Erdei barátaink  |c Nagy Laura ; [illusztrálta: Bálint Mariann] 
250 |a [1. kiad.] 
260 |a Dunaszerdahely  |b Lilium Aurum  |c 2011 
300 |a 74 s.  |b fareb. ilustr.  |c 24 cm 
366 |e 1000 výt. 
546 |a Tir. aj slov 
655 7 |a maďarská poézia  |2 SNKPH  |9 70602 
655 7 |a Hungarian poetry  |2 SNKPHeng  |9 279235 
655 7 |a Children's literature  |2 SNKPHeng  |9 276039 
655 7 |a publikácie pre deti  |2 SNKPH  |9 70148 
700 1 |a Bálint, Mariann  |4 ill  |9 541526 
752 |a Slovensko  |d Dunajská Streda 
852 |a Štátna vedecká knižnica v Banskej Bystrici 
919 |a 978-80-8062-437-8 
958 |a HU 
958 |a NM 
958 |a DB 
968 |d 821 
999 |c 836743  |d 838673 
952 |a SNK  |b SNK  |y PREZ  |7 0  |p 17A0993228  |o snkSC 149584  |i snk2012/9793  |8 0  |0 0  |1 0  |4 0  |d 2012-05-24  |l 0  |r 2025-07-18 00:00:00  |w 2026-02-24 
952 |a SNK  |b SNK  |y VYP  |7 0  |p 17A0993229  |o snkSC 149584 D1  |i snk2012/9794  |8 0  |0 0  |1 0  |4 0  |d 2012-05-24  |f 1  |l 0  |r 2026-02-24 03:57:16  |w 2026-02-24